Financial Management . (Record no. 2010)

MARC details
005 - DATE AND TIME OF LATEST TRANSACTION
control field 20250506114201.0
020 ## - INTERNATIONAL STANDARD BOOK NUMBER
International Standard Book Number 978-81-259-3714-2
082 ## - DEWEY DECIMAL CLASSIFICATION NUMBER
Classification number 658.15 PAN
100 ## - MAIN ENTRY--PERSONAL NAME
Author name PANDEY, I. M.
245 ## - TITLE STATEMENT
Title Financial Management .
250 ## - EDITION STATEMENT
Edition statement 10th Ed.
260 ## - PUBLICATION, DISTRIBUTION, ETC.
Place of publication, distribution, etc. New Delhi,
Name of publisher, distributor, etc. Vikas publishing house pvt Ltd,
Date of publication, distribution, etc. 2011.
300 ## - PHYSICAL DESCRIPTION
Extent xxiv, 879p.: Ill.;figures & table
Other physical details Index
Dimensions 27cm.
942 ## - ADDED ENTRY ELEMENTS (KOHA)
Source of classification or shelving scheme Dewey Decimal Classification
Koha item type Books
Holdings
Date last seen Total checkouts Full call number Barcode Cost, replacement price Price effective from Koha item type Lost status Source of classification or shelving scheme Damaged status Not for loan Withdrawn status Home library Current library Shelving location Date acquired Cost, normal purchase price
05/06/2025   658.15 PAN 0000007731 104850.00 05/06/2025 Books   Dewey Decimal Classification       College of Business Education Main Library College of Business Education Main Library General Collection 06/17/2007 34950.00
05/06/2025   658.15 PAN 0000007732 104850.00 05/06/2025 Books   Dewey Decimal Classification       College of Business Education Main Library College of Business Education Main Library Special Reserve Collection 06/17/2007 34950.00